Southville International School and Colleges
Your cart is empty.
  • Cart
  • Lists
    Public lists Eva Luna New books Lux_list list_1
    Your lists Log in to create your own lists
  • Log in to your account
  • Your cookies
  • Search history
Southville International School and Colleges
  • Advanced search
  • Recent comments
  • Most popular
  • Libraries

Log in to your account

Log in with GOOGLE


If you do not have an external account, but do have a local account, you can still log in:

  1. Home
  2. MARC view: Middlemarch /
Normal view MARC view ISBD view

Middlemarch / (Record no. 213)

[ view plain ]
MARC details
000 -LEADER
fixed length control field 01720cam a2200469 a 4500
001 - CONTROL NUMBER
control field 1090220
003 - CONTROL NUMBER IDENTIFIER
control field OSt
005 - DATE AND TIME OF LATEST TRANSACTION
control field 20140310181623.0
008 - FIXED-LENGTH DATA ELEMENTS--GENERAL INFORMATION
fixed length control field 920410r1992 nyu 000 1 eng
010 ## - LIBRARY OF CONGRESS CONTROL NUMBER
LC control number 92050215
020 ## - INTERNATIONAL STANDARD BOOK NUMBER
International Standard Book Number 0679600191 (recycled, acidfree paper) :
Terms of availability $19.00 ($24.00 Can.)
040 ## - CATALOGING SOURCE
Original cataloging agency DLC
Transcribing agency DLC
Modifying agency DLC
-- OCoLC
-- DLC
043 ## - GEOGRAPHIC AREA CODE
Geographic area code e-uk-en
050 00 - LIBRARY OF CONGRESS CALL NUMBER
Classification number PR 4662
Item number .El42 1992
082 00 - DEWEY DECIMAL CLASSIFICATION NUMBER
Classification number CLA El4m
Item number 1992
100 1# - MAIN ENTRY--PERSONAL NAME
Personal name Eliot, George,
Dates associated with a name 1819-1880.
9 (RLIN) 2809
245 10 - TITLE STATEMENT
Title Middlemarch /
Statement of responsibility, etc George Eliot.
250 ## - EDITION STATEMENT
Edition statement Modern Library ed.
300 ## - PHYSICAL DESCRIPTION
Extent vi, 795 p. ;
Dimensions 22 cm.
490 0# - SERIES STATEMENT
Series statement [A Modern library giant]
490 0# - SERIES STATEMENT
Series statement [The Modern library of the world's best books]
521 ## - TARGET AUDIENCE NOTE
Target audience note
541 ## - IMMEDIATE SOURCE OF ACQUISITION NOTE
-- 3
541 ## - IMMEDIATE SOURCE OF ACQUISITION NOTE
-- 2
541 ## - IMMEDIATE SOURCE OF ACQUISITION NOTE
-- 1
541 ## - IMMEDIATE SOURCE OF ACQUISITION NOTE
-- 4
562 ## - COPY AND VERSION IDENTIFICATION NOTE
Number of copies 3
650 #0 - SUBJECT ADDED ENTRY--TOPICAL TERM
Topical term or geographic name as entry element City and town life
Form subdivision Fiction.
9 (RLIN) 2810
650 #0 - SUBJECT ADDED ENTRY--TOPICAL TERM
Topical term or geographic name as entry element Married people
Form subdivision Fiction.
9 (RLIN) 2811
650 #0 - SUBJECT ADDED ENTRY--TOPICAL TERM
Topical term or geographic name as entry element Young women
Form subdivision Fiction.
9 (RLIN) 2812
651 #0 - SUBJECT ADDED ENTRY--GEOGRAPHIC NAME
Geographic name England
Form subdivision Fiction.
9 (RLIN) 2813
655 #7 - INDEX TERM--GENRE/FORM
Genre/form data or focus term Domestic fiction.
Source of term lcsh
9 (RLIN) 2796
655 #7 - INDEX TERM--GENRE/FORM
Genre/form data or focus term Didactic fiction.
Source of term gsafd
9 (RLIN) 2797
655 #7 - INDEX TERM--GENRE/FORM
Genre/form data or focus term Bildungsromans.
Source of term gsafd
9 (RLIN) 2798
655 #7 - INDEX TERM--GENRE/FORM
Genre/form data or focus term Love stories.
Source of term gsafd
9 (RLIN) 2799
856 41 - ELECTRONIC LOCATION AND ACCESS
Materials specified Sample text
Uniform Resource Identifier <a href="http://www.loc.gov/catdir/samples/random044/92050215.html">http://www.loc.gov/catdir/samples/random044/92050215.html</a>
856 42 - ELECTRONIC LOCATION AND ACCESS
Materials specified Publisher description
Uniform Resource Identifier <a href="http://www.loc.gov/catdir/description/random0412/92050215.html">http://www.loc.gov/catdir/description/random0412/92050215.html</a>
856 42 - ELECTRONIC LOCATION AND ACCESS
Materials specified Contributor biographical information
Uniform Resource Identifier <a href="http://www.loc.gov/catdir/enhancements/fy0803/92050215-b.html">http://www.loc.gov/catdir/enhancements/fy0803/92050215-b.html</a>
906 ## - LOCAL DATA ELEMENT F, LDF (RLIN)
a 7
b cbc
c orignew
d 1
e ocip
f 19
g y-gencatlg
942 ## - ADDED ENTRY ELEMENTS (KOHA)
Source of classification or shelving scheme Library of Congress Classification
Koha item type
Call number prefix
Holdings
Withdrawn status Lost status Source of classification or shelving scheme Damaged status Home library Current library Shelving location Date acquired Total Checkouts Full call number Barcode Date last seen Copy number Price effective from Koha item type
    Library of Congress Classification   Luxembourg Library Luxembourg Library Classic Section 01/26/2012   PR 4662 .El42 1992 13538 08/13/2013 3 10/03/2013 Books
    Library of Congress Classification   Luxembourg Library Luxembourg Library Classic Section 07/23/2013   PR 4662 .El42 1992 13537 08/13/2013 2 07/23/2013 Books
    Library of Congress Classification   Luxembourg Library Luxembourg Library Classic Section 07/23/2013   PR 4662 .El42 1992 13536 08/26/2015 1 07/23/2013 Books

Middlemarch /

APA

Eliot G., .Middlemarch. : .

Chicago

Eliot George, .Middlemarch. : .

Harvard

Eliot G., .Middlemarch. : .

MLA

Eliot George, .: . .

  • Place hold
  • Print
  • Cite
  • Add to your cart (remove)
  • Save record
    BIBTEX Dublin Core MARCXML MARC (non-Unicode/MARC-8) MARC (Unicode/UTF-8) MARC (Unicode/UTF-8, Standard) MODS (XML) RIS
  • More searches
    Search for this title in:
    Other Libraries (WorldCat) Other Databases (Google Scholar) Online Stores (Bookfinder.com) Open Library (openlibrary.org)

Exporting to Dublin Core...

SOUTHVILLE LIBRARY

Southville International School and Colleges Library

1281 Tropical Ave. Cor. Luxembourg St., BF Homes International, Las Pinas City

Tel. No. 8256374 / 252358 Loc. 117/146

Powered by Koha